000 00313nam a2200133Ia 4500
008 151001s9999||||xx |||||||||||||| ||und||
100 _aमंगला कुलकर्णी
245 _aसाद
250 _a1
260 _bशकून
260 _c1985
300 _a112
365 _b18
999 _c965473
_d965470